Представление документа в формате RUSMARC

ПолеНазваниеЗначение
  Тип записи a
  Библиографический уровень m
001 Контрольный номер SKBR/deec63ce-b523-4df7-a101-5403d0c232f4
005 Дата корректировки 20260616100033.8
010 Индекс ISBN __
a ISBN 978-5-235-05229-1
9 Тираж 1000 экз.
b Уточнения в пер.
d Цена 1107-26
035 Другие системные номера __
a Идентификатор записи RU\NLR\BIBL_A\022537052
100 Данные общей обработки __
a Данные общей обработки 20250507d2025 m y0rusy028902 ca
101 Язык документа 0_
a Язык текста rus
102 Страна публикации __
a Страна публикации RU
105 Кодированные данные (монография) __
a Кодированные данные (монография) ac z 000yb
181 Поле кодированных данных: вид содержания _0
a Код вида содержания (ISBD) i
182 Поле кодированных данных: тип средства _0
a Код типа средства (ISBD) n
200 Заглавие и сведения об ответственности 1_
a Заглавие Мелодии судьбы
e Сведения, относящиеся к заглавию [Муслим Магомаев]
f Первые сведения об ответственности Вера Белова
203 Вид содержания и тип средства __
a Вид содержания Текст
c Тип средства непосредственный
210 Выходные данные 1_
a Место издания Москва
c Издательство Молодая гвардия
d Дата издания 2025
215 Физическое описание __
a Объем 492, [3] с., [8] л. ил.
d Формат 21 см
c Иллюстрации/тип воспроизводства ил., портр.
320 Библиография __
a Библиография Библиография в конце книги
330 Аннотация __
a Аннотация Повесть о жизненном и творческом пути выдающегося певца, народного артиста СССР Муслима Магомаева (1942-2008) основана на документальном материале. Здесь нет придуманной биографии. За каждым эпизодом - изучение автором множества источников, личное общение с героем книги, впечатления от посещения многих его концертов. Эта книга для тех, кто не ищет сплетен и фальшивых сенсаций. Для тех, кто хочет знать невымышленную историю этого замечательного человека. Для тех, кому дорога бережно сохранённая память о нём.
333 Примечание о целевом назначении __
a Примечание о целевом назначении 16+. Для детей старше 16 лет
600 Персоналии _1
2 Код системы nlr_sh
a Персоналии (Фамилия) Магомаев
b Персоналии (Имя) М. М.
g Полное имя Муслим Магометович
f Даты 1942-2008
606 Тематические рубрики __
2 Код системы nlr_sh
a Основная рубрика Музыка и зрелищные искусства
606 Тематические рубрики __
2 Код системы nlr_sh
a Основная рубрика Виды и жанры эстрады
610 Ключевые слова 0_
a Ключевые слова биографические сведения
610 Ключевые слова 0_
a Ключевые слова биографические данные
610 Ключевые слова 0_
a Ключевые слова певцы
610 Ключевые слова 0_
a Ключевые слова советские певцы
610 Ключевые слова 0_
a Ключевые слова оперные певцы
610 Ключевые слова 0_
a Ключевые слова персоналии
610 Ключевые слова 0_
a Ключевые слова биографии
610 Ключевые слова 0_
a Ключевые слова музыкальное творчество
610 Ключевые слова 0_
a Ключевые слова эстрадные певцы
610 Ключевые слова 0_
a Ключевые слова биографии
610 Ключевые слова 0_
a Ключевые слова воспоминания
686 Индексы других классификаций __
2 Код системы rubbks
a Классификационный индекс 85.364.1(2)-8; ст85.364.1(2)-8
700 Автор _1
a Фамилия Белова
b Имя В. Н.
g Полное личное имя Вера Николаевна
4 Код отношения 070
801 Источник записи _0
a Страна RU
b Организация NLR
c Дата составления 20250507
g Правила каталогизации PSBO
801 Источник записи _1
a Страна RU
b Организация NLR
c Дата составления 20250507
g Правила каталогизации PSBO
801 Источник записи _2
a Страна RU
b Организация NLR
c Дата составления 20250902
2 Код формата rusmarc
g Правила каталогизации PSBO
852 Данные о местонахождении __
i Авторский знак Б 43
j Шифр хранения 85.364.1(2)-8
900 Макрообъекты __
a Макрообъекты Мелодии судьбы. Белова, В. Н., 2025
901 Тип документа __
a Ответственный ООФиК/Волкова
t Тип документа m
901 Тип документа __
a Ответственный 7 партия
903 Характеристики (МАРС) __
a Дата передачи 20260603
c Наименование библиотеки (МАРС) Муниципальное бюджетное учреждение культуры "Централизованная библиотечная система" г. Сургут (Центральная городская библиотека им. А. С. Пушкина)
969 Тип издания __
a Тип издания популярное издание
a Тип издания Ф 26
990 Данные о заказе (DOS) __
j Количество экземпляров (DOS) 1
t N записи в КСУ для И/У (DOS) 202607